La adquisición del vocabulario en niños con Sìndrome de Down : datos normativos y tendencias de desarrollo (Record no. 163403)

MARC details
000 -CABECERA
campo de control de longitud fija 00718nab a2200229 a 4500
005 - FECHA Y HORA DE LA ÚLTIMA TRANSACCIÓN
campo de control 20210219161749.0
008 - ELEMENTOS DE LONGITUD FIJA--INFORMACIÓN GENERAL
campo de control de longitud fija 991125s1985 mx 000 0 spa u
035 ## - NÚMERO DE CONTROL DEL SISTEMA
Número de control de sistema UPN01000191300
222 ## - TÍTULO CLAVE
Título clave INFANCIA Y APRENDIZAJE =
222 ## - TÍTULO CLAVE
Información calificativa JOURNAL FOR THE STUDY OF EDUCATION AND DEVELOPMENT
245 ## - MENCIÓN DE TÍTULO
Título La adquisición del vocabulario en niños con Sìndrome de Down : datos normativos y tendencias de desarrollo
260 ## - PUBLICACIÓN, DISTRIBUCIÓN, ETC.
Lugar de publicación, distribución, etc. Madrid, España
300 ## - DESCRIPCIÓN FÍSICA
Extensión 111-122
362 0# - FECHAS DE PUBLICACIÓN Y/O DESIGNACIÓN SECUENCIAL
Fecha de publicación y/o designación secuencial 2012 Vol. 35, no. 1, feb.
653 0# - TERMINO DE INDIZACION - NO CONTROLADO
Término no controlado SINDROME DE DOWN
653 0# - TERMINO DE INDIZACION - NO CONTROLADO
Término no controlado LENGUAJE
653 0# - TERMINO DE INDIZACION - NO CONTROLADO
Término no controlado NIÑOS
653 0# - TERMINO DE INDIZACION - NO CONTROLADO
Término no controlado DISCAPACIDAD INTELECTUAL
700 1# - ASIENTO SECUNDARIO--NOMBRE DE PERSONAL
Nombre de persona Galeote Moreno, Miguel Angel,
700 1# - ASIENTO SECUNDARIO--NOMBRE DE PERSONAL
Término indicativo de función/relación coaut.
905 ## - TIPO DE MATERIAL
Tipo de material Articulo

No items available.